[Event "Buenos Aires ol (Men)"]
[Site "Buenos Aires"]
[Date "1978.10.28"]
[Round "4"]
[White "Velimirovic, Dragoljub"]
[Black "Kristiansen, Jens"]
[Result "1/2-1/2"]
[WhiteElo "2520"]
[BlackElo "2395"]
[PlyCount "125"]
[EventDate "1978.10.25"]
[EventType "swiss ()"]
[EventRounds "14"]
[EventCountry "ARG"]
[Source "ChessBase"]
[SourceDate "1999.11.16"]
[WhiteTeam "Yugoslavia"]
[BlackTeam "Denmark"]
[WhiteTeamCountry "YUG"]
[BlackTeamCountry "DEN"]

1. e4 e5 2. Nf3 d6 3. d4 exd4 4. Qxd4 Nc6 5. Bb5 Bd7 6. Bxc6 Bxc6 7. Nc3 Nf6 8.
Bg5 Be7 9. O-O-O O-O 10. Rhe1 Re8 11. Qd2 h6 12. Bf4 Nd7 13. Nd4 Bf6 14. Nf5
Nc5 15. f3 Be5 16. Bxe5 Rxe5 17. g4 Kh7 18. h4 Qf8 19. Ng3 g6 20. f4 Re7 21. h5
Rae8 22. g5 Nxe4 23. Ngxe4 Bxe4 24. Nxe4 Rxe4 25. Rh1 Kg8 26. Qc3 c6 27. Qb3 d5
28. Qxb7 Qd6 29. hxg6 fxg6 30. gxh6 R4e7 31. h7+ Kh8 32. Qb3 Qxf4+ 33. Kb1 Qf6
34. Qa4 Rf8 35. b3 Rff7 36. Qa6 Rc7 37. Rdf1 Qd6 38. Rxf7 Rxf7 39. Qc8+ Rf8 40.
Qb7 a5 41. Qa7 Qd8 42. Qc5 Qf6 43. Qxa5 g5 44. a4 g4 45. Qc5 Rf7 46. Qe3 d4 47.
Qg3 Qg7 48. Rg1 Rf3 49. Qh4 g3 50. Qe4 Rf2 51. Qe8+ Kxh7 52. Qxc6 g2 53. Ka2
Qg6 54. Qd7+ Kg8 55. Qd8+ Kf7 56. Qxd4 Qxc2+ 57. Ka3 Rd2 58. Qe5 Rf2 59. Re1
Qa2+ 60. Kb4 Qd2+ 61. Kb5 Qd3+ 62. Kb4 Qd2+ 63. Kb5 1/2-1/2

[Event "Buenos Aires ol (Men)"]
[Site "Buenos Aires"]
[Date "1978.11.01"]
[Round "7"]
[White "Velimirovic, Dragoljub"]
[Black "Tarjan, James Edward"]
[Result "0-1"]
[WhiteElo "2520"]
[BlackElo "2490"]
[PlyCount "84"]
[EventDate "1978.10.25"]
[EventType "swiss ()"]
[EventRounds "14"]
[EventCountry "ARG"]
[Source "ChessBase"]
[SourceDate "1999.11.16"]
[WhiteTeam "Yugoslavia"]
[BlackTeam "US of America"]
[WhiteTeamCountry "YUG"]
[BlackTeamCountry "USA"]

1. e4 e5 2. Nf3 Nc6 3. d4 exd4 4. c3 dxc3 5. Nxc3 Bb4 6. Bc4 d6 7. Qb3 Bxc3+ 8.
bxc3 Qe7 9. O-O Nf6 10. Bd5 O-O 11. Re1 Ne5 12. Nxe5 Qxe5 13. f4 Qh5 14. e5
Nxd5 15. Qxd5 Rd8 16. Ba3 c6 17. Qd4 d5 18. c4 Bf5 19. Rad1 b6 20. c5 Re8 21.
Re3 Re6 22. h3 Rg6 23. Kh2 h6 24. Rf1 Qh4 25. Bb4 h5 26. Be1 Qe7 27. Bb4 a5 28.
Ba3 b5 29. Rff3 h4 30. g4 hxg3+ 31. Rxg3 Qe6 32. Rxg6 fxg6 33. Bc1 Kf7 34. Qd2
b4 35. a3 Rb8 36. axb4 Rxb4 37. Rg3 Rc4 38. Kg1 Be4 39. Qe3 Rc2 40. Bd2 a4 41.
Qf2 Ke7 42. Ra3 Ke8 0-1

[Event "Buenos Aires ol (Men)"]
[Site "Buenos Aires"]
[Date "1978.11.04"]
[Round "10"]
[White "Velimirovic, Dragoljub"]
[Black "Szmetan, Jorge"]
[Result "0-1"]
[WhiteElo "2520"]
[BlackElo "2450"]
[PlyCount "54"]
[EventDate "1978.10.25"]
[EventType "swiss ()"]
[EventRounds "14"]
[EventCountry "ARG"]
[Source "ChessBase"]
[SourceDate "1999.11.16"]
[WhiteTeam "Yugoslavia"]
[BlackTeam "Argentina"]
[WhiteTeamCountry "YUG"]
[BlackTeamCountry "ARG"]

1. e4 e5 2. Nf3 Nc6 3. Bb5 a6 4. Ba4 Nf6 5. O-O Nxe4 6. d4 b5 7. Bb3 d5 8. dxe5
Be6 9. Nbd2 Nc5 10. c3 d4 11. cxd4 Nxd4 12. Nxd4 Qxd4 13. Bxe6 Nxe6 14. Qc2 c5
15. Nf3 Qd5 16. Rd1 Qc6 17. Ng5 Be7 18. Nxf7 Kxf7 19. Rd6 Bxd6 20. Qf5+ Ke7 21.
Bg5+ Nxg5 22. Qxg5+ Ke8 23. Qxg7 Rf8 24. Qh6 Qd5 25. exd6 Kd7 26. Qxh7+ Rf7 27.
Qc2 Raf8 0-1

[Event "Buenos Aires ol (Men)"]
[Site "Buenos Aires"]
[Date "1978.11.08"]
[Round "13"]
[White "Donner, Jan Hein"]
[Black "Velimirovic, Dragoljub"]
[Result "1/2-1/2"]
[WhiteElo "2475"]
[BlackElo "2520"]
[PlyCount "33"]
[EventDate "1978.10.25"]
[EventType "swiss ()"]
[EventRounds "14"]
[EventCountry "ARG"]
[Source "ChessBase"]
[SourceDate "1999.11.16"]
[WhiteTeam "Netherlands"]
[BlackTeam "Yugoslavia"]
[WhiteTeamCountry "NED"]
[BlackTeamCountry "YUG"]

1. d4 Nf6 2. c4 c5 3. d5 g6 4. Nc3 Bg7 5. g3 O-O 6. Bg2 d6 7. Nf3 a6 8. a4 e6
9. O-O exd5 10. cxd5 Nbd7 11. Nd2 Ne8 12. a5 b5 13. axb6 Nxb6 14. Nb3 Nc4 15.
Ra4 Nb6 16. Ra2 Nc4 17. Ra4 1/2-1/2

[Event "Praia da Rocha zt"]
[Site "Praia da Rocha"]
[Date "1978.??.??"]
[Round "?"]
[White "Knezevic, Milorad J"]
[Black "Velimirovic, Dragoljub"]
[Result "1-0"]
[WhiteElo "2505"]
[BlackElo "2520"]
[PlyCount "108"]
[EventDate "1978.11.22"]
[EventType "tourn"]
[EventRounds "22"]
[EventCountry "POR"]
[Source "ChessBase"]
[SourceDate "2001.11.25"]
[WhiteTeamCountry "NED"]
[BlackTeamCountry "YUG"]

1. Nf3 c5 2. c3 Nf6 3. d4 e6 4. Bf4 cxd4 5. cxd4 Qb6 6. Qb3 Qxb3 7. axb3 Nc6 8.
Nc3 Bb4 9. Bd2 Ke7 10. e3 b6 11. Ne5 Bb7 12. Nxc6+ dxc6 13. Ba6 Bxa6 14. Rxa6
Ba5 15. Na2 Bxd2+ 16. Kxd2 Nd5 17. Rc1 Kd7 18. e4 Ne7 19. Nc3 Kc8 20. b4 Kb7
21. Rca1 f5 22. f3 fxe4 23. fxe4 e5 24. dxe5 Ng6 25. b5 Nxe5 26. bxc6+ Nxc6 27.
R6a4 Rad8+ 28. Ke3 Rhe8 29. b4 Rd7 30. b5 Na5 31. R1a2 Rc8 32. Nd5 Rc5 33. Rb4
Nc4+ 34. Kd4 Nd6 35. Rab2 Nxe4 36. Kxe4 Rdxd5 37. g4 h5 38. h3 h4 39. Rd4 Re5+
40. Kd3 Rxb5 41. Rxb5 Rxb5 42. Rd7+ Ka6 43. Rxg7 Rb3+ 44. Ke4 b5 45. Rf7 Rxh3
46. Rf1 Rg3 47. Kf4 b4 48. Rh1 b3 49. Rxh4 b2 50. Rh1 Rb3 51. Rb1 Ka5 52. g5
Ka4 53. g6 Ka3 54. g7 Rb8 1-0

[Event "Praia da Rocha zt"]
[Site "Praia da Rocha"]
[Date "1978.??.??"]
[Round "?"]
[White "Mariotti, Sergio"]
[Black "Velimirovic, Dragoljub"]
[Result "0-1"]
[WhiteElo "2475"]
[BlackElo "2520"]
[PlyCount "38"]
[EventDate "1978.11.22"]
[EventType "tourn"]
[EventRounds "22"]
[EventCountry "POR"]
[Source "ChessBase"]
[SourceDate "2001.11.25"]
[WhiteTeamCountry "NED"]
[BlackTeamCountry "YUG"]

1. Nf3 c5 2. c4 g6 3. Nc3 Bg7 4. g3 b6 5. Bg2 Bb7 6. O-O Nf6 7. d3 O-O 8. e4 d6
9. a3 a6 10. Rb1 Nfd7 11. Bd2 b5 12. cxb5 axb5 13. Nxb5 Ba6 14. a4 Nc6 15. Re1
Qb6 16. Bf1 Bxb5 17. axb5 Nd4 18. b4 cxb4 19. Rxb4 Ra1 0-1

[Event "Praia da Rocha zt"]
[Site "Praia da Rocha"]
[Date "1978.??.??"]
[Round "?"]
[White "Tatai, Stefano"]
[Black "Velimirovic, Dragoljub"]
[Result "1-0"]
[WhiteElo "2455"]
[BlackElo "2520"]
[PlyCount "35"]
[EventDate "1978.11.22"]
[EventType "tourn"]
[EventRounds "22"]
[EventCountry "POR"]
[Source "ChessBase"]
[SourceDate "2001.11.25"]
[WhiteTeamCountry "NED"]
[BlackTeamCountry "YUG"]

1. d4 c5 2. d5 Nf6 3. c4 g6 4. Nc3 Bg7 5. e4 O-O 6. Bd3 d6 7. h3 a6 8. a4 e5 9.
g4 Nbd7 10. Nge2 h5 11. Bg5 Qe8 12. Qd2 hxg4 13. Bh6 b5 14. Ng3 Nb6 15. hxg4
Bh8 16. f3 Nxc4 17. Bxc4 bxc4 18. Qh2 1-0

[Event "Praia da Rocha zt"]
[Site "Praia da Rocha"]
[Date "1978.??.??"]
[Round "?"]
[White "Toth, Bela"]
[Black "Velimirovic, Dragoljub"]
[Result "0-1"]
[WhiteElo "2480"]
[BlackElo "2520"]
[PlyCount "66"]
[EventDate "1978.11.22"]
[EventType "tourn"]
[EventRounds "22"]
[EventCountry "POR"]
[Source "ChessBase"]
[SourceDate "2001.11.25"]
[WhiteTeamCountry "NED"]
[BlackTeamCountry "YUG"]

1. d4 Nf6 2. c4 c5 3. d5 g6 4. Nc3 Bg7 5. e4 O-O 6. Bd3 e6 7. e5 Ne8 8. Nf3 d6
9. Bg5 Qc7 10. Nb5 Qd7 11. Bf4 dxe5 12. Nxe5 Bxe5 13. Bxe5 exd5 14. O-O Nc6 15.
Bg3 d4 16. Re1 b6 17. Qd2 Bb7 18. Be4 a6 19. Nc3 Nf6 20. Na4 Nxe4 21. Rxe4 Nb4
22. Rh4 f6 23. b3 g5 24. Rh6 Kg7 25. Rh3 Rae8 26. a3 d3 27. axb4 Re2 28. Qd1
Rfe8 29. Nxb6 Re1+ 30. Qxe1 Rxe1+ 31. Rxe1 d2 32. Rd1 Qd3 33. Bf4 Qe2 0-1

[Event "Praia da Rocha zt"]
[Site "Praia da Rocha"]
[Date "1978.??.??"]
[Round "?"]
[White "Velimirovic, Dragoljub"]
[Black "Santos, Luis MCP"]
[Result "1-0"]
[WhiteElo "2520"]
[BlackElo "2255"]
[PlyCount "71"]
[EventDate "1978.11.22"]
[EventType "tourn"]
[EventRounds "22"]
[EventCountry "POR"]
[Source "ChessBase"]
[SourceDate "2001.11.25"]
[WhiteTeamCountry "NED"]
[BlackTeamCountry "YUG"]

1. e4 c5 2. Nf3 Nc6 3. d4 cxd4 4. Nxd4 Nf6 5. Nc3 d6 6. Bc4 e6 7. Be3 a6 8. Qe2
Qc7 9. Bb3 Na5 10. g4 b5 11. g5 Nd7 12. f4 b4 13. Na4 Nc5 14. Nxc5 dxc5 15.
Ba4+ Bd7 16. Bxd7+ Qxd7 17. Nb3 Nb7 18. Nd2 Be7 19. h4 Qc6 20. h5 Nd6 21. O-O-O
c4 22. e5 Nf5 23. Qxc4 Qb7 24. Bf2 O-O 25. g6 Rfc8 26. gxf7+ Kxf7 27. Qe4 Qb5
28. Nb3 Rab8 29. Nd4 Nxd4 30. Bxd4 b3 31. axb3 Qxb3 32. Qxh7 Qa2 33. Rhg1 Qa1+
34. Kd2 Qa5+ 35. Ke3 Bf8 36. h6 1-0

[Event "Praia da Rocha zt"]
[Site "Praia da Rocha"]
[Date "1978.??.??"]
[Round "?"]
[White "Velimirovic, Dragoljub"]
[Black "Skalkotas, Nikolaos"]
[Result "1-0"]
[WhiteElo "2520"]
[BlackElo "2285"]
[PlyCount "55"]
[EventDate "1978.11.22"]
[EventType "tourn"]
[EventRounds "22"]
[EventCountry "POR"]
[Source "ChessBase"]
[SourceDate "2001.11.25"]
[WhiteTeamCountry "NED"]
[BlackTeamCountry "YUG"]

1. e4 c6 2. d4 d5 3. exd5 cxd5 4. c4 Nc6 5. Nc3 Nf6 6. Bg5 Ne4 7. cxd5 Nxc3 8.
bxc3 Qxd5 9. Nf3 Bg4 10. Be3 e6 11. Rb1 Qd7 12. h3 Bxf3 13. Qxf3 Be7 14. Bb5
O-O 15. O-O Rfd8 16. Rfd1 Rac8 17. Bf1 Na5 18. c4 b6 19. c5 Qa4 20. Ba6 Ra8 21.
Qe2 Qc6 22. Rdc1 bxc5 23. dxc5 Rab8 24. Bb5 Qc7 25. c6 Ba3 26. Rc3 a6 27. Rxa3
axb5 28. Bf4 1-0

[Event "YUG-34ch"]
[Site "Bjelovar"]
[Date "1979.??.??"]
[Round "1"]
[White "Velimirovic, Dragoljub"]
[Black "Kovacevic, Vlatko"]
[Result "0-1"]
[WhiteElo "2515"]
[BlackElo "2500"]
[PlyCount "66"]
[EventDate "1979.??.??"]
[EventType "swiss"]
[EventRounds "13"]
[EventCountry "YUG"]
[Source "ChessBase"]
[SourceDate "1999.11.16"]
[WhiteTeamCountry "NED"]
[BlackTeamCountry "YUG"]

1. e4 Nf6 2. e5 Nd5 3. c4 Nb6 4. d4 d6 5. f4 dxe5 6. fxe5 Nc6 7. Be3 Bf5 8. Nc3
e6 9. Nf3 Be7 10. d5 exd5 11. cxd5 Nb4 12. Nd4 Bd7 13. Qf3 c5 14. dxc6 bxc6 15.
e6 fxe6 16. a3 $2 (16. O-O-O) 16... N4d5 17. Bd3 Nxe3 18. Qxe3 O-O 19. Qe4 $6 (
19. Nxe6 Bxe6 20. Qxe6+ Kh8 21. O-O-O Rb8 $1 22. Bxh7 $2 Bg5+ 23. Kb1 Qf6 24.
Qxf6 (24. Qh3 Bh6 25. Bd3 Nd5) 24... Bxf6 25. Bd3 Nd5 26. Nxd5 Rxb2+ 27. Kc1
cxd5) 19... g6 20. h4 $2 (20. Nxe6 Bxe6 21. Qxe6+ Kg7 22. O-O-O Rb8 $1) 20...
e5 $1 21. Nf3 Bf5 22. Bc4+ Kg7 23. Qe2 Nxc4 24. Qxc4 Qb6 25. O-O-O (25. Qe2 e4
$1) 25... Rab8 26. Rd2 Bxa3 27. Kd1 Qb3+ 28. Qxb3 Rxb3 29. bxa3 Rxc3 30. Nxe5
Rxa3 31. Re1 Re8 $1 32. Rde2 Rd8+ 33. Kc1 Rb3 0-1

[Event "YUG-34ch"]
[Site "Bjelovar"]
[Date "1979.??.??"]
[Round "2"]
[White "Velimirovic, Dragoljub"]
[Black "Stanojevic, Branko"]
[Result "1-0"]
[WhiteElo "2515"]
[BlackElo "2340"]
[PlyCount "53"]
[EventDate "1979.??.??"]
[EventType "swiss"]
[EventRounds "13"]
[EventCountry "YUG"]
[Source "ChessBase"]
[SourceDate "1999.11.16"]
[WhiteTeamCountry "NED"]
[BlackTeamCountry "YUG"]

1. e4 e5 2. Nf3 Nc6 3. c3 d6 4. d4 Bg4 5. Bb5 a6 6. Ba4 b5 7. Bb3 Nf6 8. O-O
Be7 9. h3 Bxf3 10. Qxf3 exd4 11. Qg3 O-O 12. Bh6 Ne8 13. Bd5 Bh4 14. Qf4 Ne5
15. Bxa8 Ng6 16. Qf5 gxh6 17. Bd5 Ng7 18. Qf3 c6 19. Bb3 Ne5 20. Qd1 d3 21. f4
Qb6+ 22. Kh2 Nc4 23. Qxd3 d5 24. exd5 Re8 25. Na3 Ne3 26. Rf3 c5 27. Rxe3 1-0

[Event "YUG-34ch"]
[Site "Bjelovar"]
[Date "1979.??.??"]
[Round "4"]
[White "Messing, Hrvoje"]
[Black "Velimirovic, Dragoljub"]
[Result "1/2-1/2"]
[WhiteElo "2420"]
[BlackElo "2515"]
[PlyCount "70"]
[EventDate "1979.??.??"]
[EventType "swiss"]
[EventRounds "13"]
[EventCountry "YUG"]
[Source "ChessBase"]
[SourceDate "1999.11.16"]
[WhiteTeamCountry "NED"]
[BlackTeamCountry "YUG"]

1. e4 c5 2. Nf3 Nc6 3. d4 cxd4 4. Nxd4 g6 5. Nc3 Bg7 6. Be3 d6 7. Qd2 Nf6 8. f3
O-O 9. Bc4 Bd7 10. h4 Ne5 11. Bb3 Rc8 12. Bh6 Bxh6 13. Qxh6 Rxc3 14. bxc3 Qa5
15. Qd2 Rc8 16. Ne2 Rc5 17. Nf4 h5 18. O-O Rxc3 19. Kh1 Qc7 20. Nd3 Bb5 21.
Nxe5 dxe5 22. Rfd1 Kg7 23. a4 Bd7 24. Qe2 Rc5 25. Rd2 a5 26. Qe3 Be8 27. Kh2 b6
28. Rad1 b5 29. axb5 Bxb5 30. Ra1 Bd7 31. Ra2 Rc6 32. Rd1 Rc3 33. Rd3 Rc5 34.
Rd1 Rc3 35. Rd3 Rc5 1/2-1/2

[Event "YUG-34ch"]
[Site "Bjelovar"]
[Date "1979.??.??"]
[Round "5"]
[White "Velimirovic, Dragoljub"]
[Black "Marangunic, Srdjan"]
[Result "1/2-1/2"]
[WhiteElo "2515"]
[BlackElo "2495"]
[PlyCount "85"]
[EventDate "1979.??.??"]
[EventType "swiss"]
[EventRounds "13"]
[EventCountry "YUG"]
[Source "ChessBase"]
[SourceDate "1999.11.16"]
[WhiteTeamCountry "NED"]
[BlackTeamCountry "YUG"]

1. e4 d6 2. d4 Nf6 3. Nc3 g6 4. f4 Bg7 5. Nf3 c5 6. dxc5 Qa5 7. Nd2 Qxc5 8. Nb3
Qc7 9. Be2 O-O 10. O-O Nbd7 11. Nd5 Nxd5 12. exd5 b5 13. Kh1 Bb7 14. c3 Nb6 15.
Bf3 a5 16. Be3 a4 17. Nd4 Bxd5 18. Nxb5 Qc6 19. Nd4 Qb7 20. f5 Bxf3 21. Rxf3
Nd5 22. Qd2 Nxe3 23. Qxe3 Qxb2 24. Raf1 Qb7 25. h4 Ra5 26. h5 Bxd4 27. cxd4
Rxf5 28. Rxf5 gxf5 29. Rf3 Kh8 30. Rg3 f6 31. d5 f4 32. Qxf4 Qxd5 33. h6 Rg8
34. Rxg8+ Kxg8 35. Qxa4 Qh5+ 36. Kg1 Qxh6 37. Qc4+ Kg7 38. a4 Qe3+ 39. Kh2 f5
40. Qb5 Qf4+ 41. Kh1 Qh4+ 42. Kg1 Qd4+ 43. Kh2 1/2-1/2

[Event "YUG-34ch"]
[Site "Bjelovar"]
[Date "1979.??.??"]
[Round "6"]
[White "Cebalo, Miso"]
[Black "Velimirovic, Dragoljub"]
[Result "0-1"]
[WhiteElo "2450"]
[BlackElo "2515"]
[PlyCount "105"]
[EventDate "1979.??.??"]
[EventType "swiss"]
[EventRounds "13"]
[EventCountry "YUG"]
[Source "ChessBase"]
[SourceDate "1999.11.16"]
[WhiteTeamCountry "NED"]
[BlackTeamCountry "YUG"]

1. c4 c5 2. Nf3 g6 3. Nc3 Bg7 4. g3 b6 5. Bg2 Bb7 6. O-O Nf6 7. a3 O-O 8. d3 d5
9. cxd5 Nxd5 10. Bd2 Nc6 11. Rb1 Nd4 12. Nxd4 cxd4 13. Nxd5 Bxd5 14. Bxd5 Qxd5
15. Rc1 h5 16. Qa4 h4 17. Qc6 Qb3 18. Bb4 $1 Rac8 $1 19. Qd7 Rxc1 20. Rxc1 Qxb2
21. Re1 Bf6 22. Qxa7 Rc8 23. gxh4 $6 (23. Bxe7 $1 Bxe7 24. Qxe7 Rc1 25. Rxc1
Qxc1+ 26. Kg2 h3+ 27. Kf3 $1 Qh1+ 28. Kg4 Qxh2 29. Qe8+ Kg7 30. Qe5+) 23... Rc1
24. Rxc1 Qxc1+ 25. Kg2 Qc6+ 26. Kg1 $6 (26. f3 Qe6 27. Qa8+ Kg7 28. Qe4) 26...
Qe6 27. Qa8+ Kg7 28. Qe4 Qxe4 29. dxe4 b5 30. e5 $6 Bxe5 31. Bxe7 f5 $1 32. Kg2
$6 (32. h3) 32... Kf7 33. Bb4 Ke6 34. h3 Kd5 35. Kf3 Kc4 36. Be7 Kb3 37. Bc5
Kc2 38. Be7 Kd2 39. Bb4+ Kd1 40. Ba5 Bf6 41. h5 gxh5 42. Bc7 Be7 43. Bb6 Bxa3
44. Bxd4 Kc2 45. Bb6 Bd6 $1 46. e4 b4 47. Bd4 fxe4+ 48. Kxe4 b3 49. f4 Bb4 50.
f5 Bc3 51. Bxc3 Kxc3 52. f6 b2 53. f7 0-1

[Event "YUG-34ch"]
[Site "Bjelovar"]
[Date "1979.??.??"]
[Round "7"]
[White "Velimirovic, Dragoljub"]
[Black "Todorcevic, Miodrag"]
[Result "0-1"]
[WhiteElo "2515"]
[BlackElo "2455"]
[PlyCount "114"]
[EventDate "1979.??.??"]
[EventType "swiss"]
[EventRounds "13"]
[EventCountry "YUG"]
[Source "ChessBase"]
[SourceDate "1999.11.16"]
[WhiteTeamCountry "NED"]
[BlackTeamCountry "YUG"]

1. e4 g6 2. d4 Bg7 3. c4 d6 4. Nc3 Nd7 5. Be3 e5 6. d5 Ne7 7. g4 O-O 8. f3 f5
9. g5 c6 10. h4 cxd5 11. cxd5 b5 12. a3 a6 13. Bd3 Rb8 14. b4 f4 15. Bf2 Nb6
16. Nge2 Bd7 17. Kd2 Rc8 18. Rc1 Nc4+ 19. Bxc4 Rxc4 20. Na2 Rxc1 21. Naxc1 Nc8
22. Qg1 Be8 23. Nb3 Rf7 24. Na5 Bf8 25. Qg4 Bd7 26. Qg2 Nb6 27. Nc3 Nc4+ 28.
Nxc4 bxc4 29. a4 Be8 30. Rb1 Rb7 31. Qf1 Qc8 32. b5 axb5 33. axb5 Be7 34. Rb4
Bd8 35. b6 Qb8 36. Kc2 h6 37. gxh6 Kh7 38. Qxc4 Kxh6 39. Qa6 Kh5 40. Rb1 Bd7
41. Qf1 Qc8 42. Ra1 Kh6 43. Qg1 Bb5 44. Ra5 Be2 45. Ra7 Bxf3 46. Kd2 Kh5 47.
Qf1 Rxa7 48. bxa7 Ba5 49. Qa1 Qa6 50. Kc2 Be2 51. Kc1 Bg4 52. Qa4 Qf1+ 53. Nd1
Qa6 54. Bb6 Bd2+ 55. Kxd2 Qxa4 56. Nc3 Qa6 57. Nb5 Bc8 0-1

[Event "YUG-34ch"]
[Site "Bjelovar"]
[Date "1979.??.??"]
[Round "8"]
[White "Velimirovic, Dragoljub"]
[Black "Popovic, Petar"]
[Result "1/2-1/2"]
[WhiteElo "2515"]
[BlackElo "2410"]
[PlyCount "86"]
[EventDate "1979.??.??"]
[EventType "swiss"]
[EventRounds "13"]
[EventCountry "YUG"]
[Source "ChessBase"]
[SourceDate "1999.11.16"]
[WhiteTeamCountry "NED"]
[BlackTeamCountry "YUG"]

1. e4 g6 2. d4 Bg7 3. c4 d6 4. Nc3 Nf6 5. f3 O-O 6. Be3 a6 7. Qd2 b6 8. Bd3 c5
9. d5 e6 10. Nge2 exd5 11. exd5 Nbd7 12. Bh6 Ne5 13. Bxg7 Kxg7 14. O-O b5 15.
cxb5 Nxd3 16. Qxd3 axb5 17. Nxb5 Qb6 18. Nec3 Bb7 19. Rfd1 Rfe8 20. a4 Re5 21.
Qc4 Ba6 22. Re1 Rae8 23. Kf2 Qa5 24. Rxe5 Rxe5 25. Re1 Nd7 26. f4 Nb6 27. Qb3
Rxe1 28. Kxe1 Qb4 29. Qxb4 cxb4 30. Nd1 Nxa4 31. Nxd6 Kf8 32. Kd2 Ke7 33. Ne4
Bb7 34. Ne3 Nxb2 35. Kc2 Na4 36. Kb3 Nb6 37. d6+ Kd7 38. Nc5+ Kc6 39. Nxb7 Kxb7
40. Kxb4 Kc6 41. g4 Kxd6 42. Nc4+ Nxc4 43. Kxc4 g5 1/2-1/2

[Event "YUG-34ch"]
[Site "Bjelovar"]
[Date "1979.??.??"]
[Round "9"]
[White "Simic, Radoslav"]
[Black "Velimirovic, Dragoljub"]
[Result "0-1"]
[WhiteElo "2420"]
[BlackElo "2515"]
[PlyCount "80"]
[EventDate "1979.??.??"]
[EventType "swiss"]
[EventRounds "13"]
[EventCountry "YUG"]
[Source "ChessBase"]
[SourceDate "1999.11.16"]
[WhiteTeamCountry "NED"]
[BlackTeamCountry "YUG"]

1. Nf3 c5 2. g3 b5 3. e4 Bb7 4. Bxb5 Bxe4 5. O-O Nc6 6. Ba4 Nd4 7. Ne5 Qc7 8.
Bxd7+ Kd8 9. d3 Bb7 10. Bf4 Nf3+ 11. Nxf3 Qxd7 12. Nc3 Qc6 13. Ne4 f6 14. Re1
e5 15. Bxe5 fxe5 16. Nxe5 Qd5 17. Nc4 Kc7 18. Na5 Rd8 19. Nxb7 Kxb7 20. a3 Ne7
21. b4 Nc6 22. bxc5 Be7 23. c4 Qd7 24. Rb1+ Ka8 25. Nd6 Bxd6 26. cxd6 Rhf8 27.
d4 Qxd6 28. d5 Qc5 29. Re3 Qxc4 30. Rc1 Rxd5 31. Qe1 Qa4 32. Re4 Nd4 33. Kg2
Rfd8 34. Qe3 Qd7 35. Rc4 Nf5 36. Qf3 Nd6 37. Re7 Qxe7 38. Qxd5+ Qb7 39. Rc6 Nf7
40. Qf3 Ne5 0-1

[Event "YUG-34ch"]
[Site "Bjelovar"]
[Date "1979.??.??"]
[Round "12"]
[White "Velimirovic, Dragoljub"]
[Black "Marjanovic, Slavoljub"]
[Result "1-0"]
[WhiteElo "2515"]
[BlackElo "2505"]
[PlyCount "69"]
[EventDate "1979.??.??"]
[EventType "swiss"]
[EventRounds "13"]
[EventCountry "YUG"]
[Source "ChessBase"]
[SourceDate "1999.11.16"]
[WhiteTeamCountry "NED"]
[BlackTeamCountry "YUG"]

1. e4 c5 2. Nf3 d6 3. d4 cxd4 4. Nxd4 Nf6 5. Nc3 a6 6. Bg5 e6 7. f4 Qb6 8. Qd2
Qxb2 9. Rb1 Qa3 10. f5 b5 11. fxe6 fxe6 12. Rb3 Qc5 13. Ncxb5 Nxe4 14. Qa5 Kf7
15. Be3 Bd7 16. Be2 Nc6 17. O-O+ Nf6 18. Nxc6 Qxc6 19. Nd4 $2 (19. Bf3 d5 20.
Nc7) 19... Qa4 20. Qxa4 $6 Bxa4 21. Rb7+ Be7 22. Bg4 Rhb8 23. Bxe6+ Ke8 24.
Rfb1 Rxb7 25. Rxb7 g6 26. Bg5 Nd7 27. Bxe7 Kxe7 28. Bd5 Rc8 29. Ra7 Kf6 30. Bb3
Bxb3 31. axb3 Nc5 32. Rxh7 Ke5 33. Nf3+ Kf6 34. Rh4 Ne6 35. Re4 1-0

[Event "YUG-URS"]
[Site "Teslic"]
[Date "1979.??.??"]
[Round "?"]
[White "Tal, Mihail"]
[Black "Velimirovic, Dragoljub"]
[Result "0-1"]
[WhiteElo "2615"]
[BlackElo "2515"]
[PlyCount "83"]
[EventDate "1979.03.29"]
[EventType "team"]
[EventRounds "4"]
[EventCountry "YUG"]
[Source "ChessBase"]
[SourceDate "1999.07.01"]
[WhiteTeamCountry "NED"]
[BlackTeamCountry "YUG"]

1. d4 Nf6 2. Nf3 c5 3. d5 g6 4. Nc3 Bg7 5. e4 d6 6. Be2 O-O 7. O-O Na6 8. Bf4
Nc7 9. a4 a6 10. Re1 Rb8 11. a5 b5 12. axb6 Rxb6 13. b3 Nh5 14. Bd2 Rb8 15. Ra2
Nb5 16. Nxb5 axb5 17. Bd3 Qc7 18. Qe2 Bd7 19. e5 Bg4 20. exd6 exd6 21. Bxb5
Bxf3 22. gxf3 Qc8 23. Ra7 Be5 24. Bd7 Qd8 25. Qc4 Qf6 26. Bg4 Nf4 27. Ra4 Rb4
28. Rxb4 cxb4 29. Re4 g5 30. h4 Ra8 31. hxg5 Ra1+ 32. Re1 Rxe1+ 33. Bxe1 Qxg5
34. Bxb4 Kg7 35. Qe4 h5 36. Qf5 Nh3+ 37. Kf1 Qc1+ 38. Be1 hxg4 39. Qxg4+ Ng5
40. f4 Bxf4 41. Qe2 Be5 42. Qd3 0-1

[Event "YUG-URS"]
[Site "Teslic"]
[Date "1979.??.??"]
[Round "?"]
[White "Tal, Mihail"]
[Black "Velimirovic, Dragoljub"]
[Result "1-0"]
[WhiteElo "2615"]
[BlackElo "2515"]
[PlyCount "59"]
[EventDate "1979.03.29"]
[EventType "team"]
[EventRounds "4"]
[EventCountry "YUG"]
[Source "ChessBase"]
[SourceDate "1999.07.01"]
[WhiteTeamCountry "NED"]
[BlackTeamCountry "YUG"]

1. c4 c5 2. b3 Nc6 3. Bb2 e5 4. g3 d6 5. Bg2 Be6 6. Nc3 Qd7 7. Nf3 Bh3 8. Bxh3
Qxh3 9. Nd5 Qd7 10. e3 Nce7 11. Nc3 Nf6 12. O-O e4 13. Ng5 d5 14. cxd5 Qf5 15.
Nxf7 Kxf7 16. f3 Nexd5 17. fxe4 Nxc3 18. Bxc3 Qxe4 19. Qh5+ Ke6 20. Qh3+ Kd6
21. b4 Kc7 22. Rac1 Rc8 23. Rf5 Qg4 24. Be5+ Kd7 25. Qf1 Qe4 26. Rc4 Qc6 27.
Qh3 Qe6 28. Bxf6 gxf6 29. Re4 Qxa2 30. Rxc5+ 1-0

[Event "YUG-URS"]
[Site "Teslic"]
[Date "1979.??.??"]
[Round "?"]
[White "Velimirovic, Dragoljub"]
[Black "Tal, Mihail"]
[Result "0-1"]
[WhiteElo "2515"]
[BlackElo "2615"]
[PlyCount "88"]
[EventDate "1979.03.29"]
[EventType "team"]
[EventRounds "4"]
[EventCountry "YUG"]
[Source "ChessBase"]
[SourceDate "1999.07.01"]
[WhiteTeamCountry "NED"]
[BlackTeamCountry "YUG"]

1. e4 e5 2. Nf3 Nc6 3. c3 Nf6 4. d4 d6 5. h3 Be7 6. Be3 O-O 7. d5 Nb8 8. Bd3
Nbd7 9. c4 Nc5 10. Bxc5 dxc5 11. Nc3 Bd6 12. g4 c6 13. Qc2 Bd7 14. O-O-O Qe7
15. dxc6 bxc6 16. Be2 Bc7 17. Nh4 g6 18. Rhg1 Rfd8 19. g5 Ne8 20. Nf5 gxf5 21.
exf5 Kh8 22. f6 Nxf6 23. gxf6 Qxf6 24. Bg4 Qg5+ 25. Kb1 f5 26. h4 Qf6 27. Ne4
Qe7 28. Rxd7 Qxd7 29. Bh3 Qd3 30. Ng5 Qxc2+ 31. Kxc2 Rf8 32. Ne6 Rf7 33. Rg5
Rg8 34. Rh5 Bd8 35. Bxf5 Bxh4 36. Kd3 Rg1 37. Nxc5 Bxf2 38. Ne4 Bd4 39. b4 Rf1
40. Nd6 Rf3+ 41. Ke2 Re3+ 42. Kd2 Rg7 43. Ne8 Rg2+ 44. Kd1 Rg1+ 0-1

[Event "YUG-URS"]
[Site "Teslic"]
[Date "1979.??.??"]
[Round "?"]
[White "Velimirovic, Dragoljub"]
[Black "Tal, Mihail"]
[Result "1/2-1/2"]
[WhiteElo "2515"]
[BlackElo "2615"]
[PlyCount "31"]
[EventDate "1979.03.29"]
[EventType "team"]
[EventRounds "4"]
[EventCountry "YUG"]
[Source "ChessBase"]
[SourceDate "1999.07.01"]
[WhiteTeamCountry "NED"]
[BlackTeamCountry "YUG"]

1. e4 e5 2. Nf3 Nc6 3. d4 exd4 4. c3 d5 5. exd5 Qxd5 6. cxd4 Bg4 7. Be2 Bb4+ 8.
Nc3 Bxf3 9. Bxf3 Qc4 10. Qb3 Qxb3 11. axb3 Nxd4 12. Bxb7 Nc2+ 13. Ke2 Nxa1 14.
Bc6+ Kf8 15. Bxa8 Nxb3 16. Be3 1/2-1/2